000 00480pab a2200169 454500
008 180718b2009 xxu||||| |||| 00| 0 eng d
100 _aBoardman, Craig
245 _aToward understanding work motivation: worker attitudes and the perception of effective public service
260 _c2009
300 _ap.519-35.
362 _aSep
650 _aMotivation
700 _aSundquist, Eric
773 _aAmerican Review of Public Administration
908 _aN
909 _a84688
999 _c84688
_d84688